LEADER 02206oas 2200889 a 450 001 9910143338903321 005 20251208213017.0 011 $a1872-9460 035 $a(DE-599)ZDB1500650-5 035 $a(DE-599)1500650-5 035 $a(OCoLC)39061281 035 $a(CONSER) 2004233112 035 $a(CKB)954925516532 035 $a(EXLCZ)99954925516532 100 $a19980505a19779999 sy 101 0 $aeng 135 $aurmnu|||||||| 181 $ctxt$2rdacontent 182 $cc$2rdamedia 183 $acr$2rdacarrier 200 00$aMarine policy 210 $a[Amsterdam] $cElsevier Science 215 $a1 online resource 300 $aRefereed/Peer-reviewed 311 08$a0308-597X 531 10$aMar. policy 606 $aMarine resources$xEconomic aspects$vPeriodicals 606 $aFisheries$vPeriodicals 606 $aFisheries 606 $aRessources marines$xAspect e?conomique$vPe?riodiques 606 $aPe?ches$xPe?riodiques 606 $afisheries$2aat 606 $aFisheries$2fast$3(OCoLC)fst00926051 606 $aMarine resources$xEconomic aspects$2fast$3(OCoLC)fst01009889 608 $aPeriodicals.$2fast 608 $aPeriodicals.$2lcgft 615 0$aMarine resources$xEconomic aspects 615 0$aFisheries 615 2$aFisheries. 615 6$aRessources marines$xAspect e?conomique 615 6$aPe?ches$xPe?riodiques. 615 7$afisheries. 615 7$aFisheries. 615 7$aMarine resources$xEconomic aspects. 801 0$bOH1 801 1$bOH1 801 2$bOCL 801 2$bOCLCQ 801 2$bGUA 801 2$bOCLCQ 801 2$bVRC 801 2$bU9S 801 2$bOCLCQ 801 2$bOCLCF 801 2$bOCLCO 801 2$bEUW 801 2$bOCLCO 801 2$bOCLCQ 801 2$bDOS 801 2$bOCLCO 801 2$bNLE 801 2$bUKMGB 801 2$bVT2 801 2$bU3W 801 2$bNJT 801 2$bOCLCQ 801 2$bUAB 801 2$bQGK 801 2$bUBY 801 2$bS2H 801 2$bSFB 801 2$bOCLCL 801 2$bOCLCQ 906 $aJOURNAL 912 $a9910143338903321 996 $aMarine policy$9791794 997 $aUNINA